000
00247nam a2200085Ia 4500
008
170620s9999 xx 000 0 und d
100
_a
Nagaraju- M. T. V.
245
0
_a
Study Habits of Secondary School Students
260
_b
New Delhi- Discovery Publishing House
260
_c
2006
999
_c
24265
_d
24265